书目信息 |
| 题名: |
分子光化学与光功能材料科学
|
|
| 作者: | 樊美公 , 姚建年 , 佟振合 编著 | |
| 分册: | ||
| 出版信息: | 北京 科学出版社 2009.01 |
|
| 页数: | 14, 843页 | |
| 开本: | 26cm | |
| 丛书名: | 中国科学院研究生教学丛书 | |
| 单 册: | ||
| 中图分类: | O644.1 , TN204 | |
| 科图分类: | ||
| 主题词: | 高等化学--gao deng hua xue--光化学--研究生--教材 , 光电材料--guang dian cai liao--功能材料--研究生--教材 | |
| 电子资源: | ||
| ISBN: | 978-7-03-022439-2 | |
| 000 | 01315nam 2200325 450 | |
| 001 | 012009546104 | |
| 005 | 20091128111643.03 | |
| 010 | @a978-7-03-022439-2@dCNY128.00 | |
| 100 | @a20091128d2009 em y0chiy0120 ea | |
| 101 | 0 | @achi |
| 102 | @aCN@b110000 | |
| 105 | @aak a 000yy | |
| 106 | @ar | |
| 200 | 1 | @a分子光化学与光功能材料科学@Afen zi guang hua xue yu guang gong neng cai liao ke xue@f樊美公, 姚建年, 佟振合等编著@Ffan mei gong,yao jian nian,tong zhen he deng bian zhu |
| 210 | @a北京@c科学出版社@d2009.01 | |
| 215 | @a14, 843页@c图@d26cm | |
| 225 | 2 | @a中国科学院研究生教学丛书@Azhong guo ke xue yuan yan jiu sheng jiao xue cong shu |
| 300 | @a国家科学技术学术著作出版基金资助出版 | |
| 320 | @a有书目 (第838-843页) | |
| 330 | @a本书可分为三部分,第一部分和第二部分为现代分子光化学基础理论和典型的光化学反应机制综合分析与论述;第三部分是典型的光功能材料的综合论述。 | |
| 410 | 0 | @12001 @a中国科学院研究生教学丛书 |
| 606 | 0 | @a高等化学@Agao deng hua xue@x光化学@x研究生@j教材 |
| 606 | 0 | @a光电材料@Aguang dian cai liao@x功能材料@x研究生@j教材 |
| 690 | @aO644.1@v4 | |
| 690 | @aTN204@v4 | |
| 701 | 0 | @a樊美公@Afan mei gong@4编著 |
| 701 | 0 | @a姚建年@Ayao jian nian@4编著 |
| 701 | 0 | @a佟振合@Atong zhen he@4编著 |
| 801 | 0 | @aCN@bQSSK@c20091128 |
| 905 | @b766985@dO644.1@eF065@f1 | |
| 分子光化学与光功能材料科学/樊美公, 姚建年, 佟振合等编著.-北京:科学出版社,2009.01 |
| 14, 843页:图;26cm.-(中国科学院研究生教学丛书) |
| 国家科学技术学术著作出版基金资助出版 |
| ISBN 978-7-03-022439-2:CNY128.00 |
| 本书可分为三部分,第一部分和第二部分为现代分子光化学基础理论和典型的光化学反应机制综合分析与论述;第三部分是典型的光功能材料的综合论述。 |
| ● |
| 相关链接 |
|
|
|
正题名:分子光化学与光功能材料科学
索取号:O644.1/F065
 
预约/预借
| 序号 | 登录号 | 条形码 | 馆藏地/架位号 | 状态 | 备注 |
| 1 | 766985 | 207669851 | 自科库401/401自科库 64排6列3层/ [索取号:O644.1/F065] | 在馆 |